|
|
|
|
| LEADER |
00000nas a2200000 a 4500 |
| 001 |
ssj0004625 |
| 003 |
WaSeSS |
| 005 |
20200512172242.0 |
| 006 |
m d |
| 007 |
cr n |
| 008 |
980407c19559999mauqr pss 0 a0eng c |
| 010 |
|
|
|a 2004214140
|
| 016 |
7 |
|
|a 2140590-6
|2 DE-600
|
| 022 |
|
|
|a 1548-6192
|l 0011-5266
|y 0011-5266
|
| 035 |
|
|
|a (WaSeSS)ssj0004625
|
| 037 |
|
|
|b MIT Press, One Rogers Street, USA 02142-1209
|c $13.00 (single issue)
|
| 040 |
|
|
|a FGA
|b eng
|e pn
|c FGA
|d OCL
|d OCLCQ
|d NSD
|d OCLCQ
|d MUQ
|d OCL
|d EYM
|d OCLCQ
|d OCLCO
|d OCLCQ
|d DLC
|d OCLCF
|d OCLCO
|d EUW
|d OCLCO
|d UMC
|d OCLCQ
|d OCLCE
|d OCLCO
|d OCLCQ
|d DEBBG
|d OCLCA
|d VT2
|d ZAC
|d GILDS
|d U3W
|d UOK
|d MOW
|d WaSeSS
|
| 042 |
|
|
|a pcc
|a nsdp
|a dlr
|
| 050 |
1 |
4 |
|a Q11
|
| 082 |
1 |
0 |
|a 505
|2 13
|
| 130 |
0 |
|
|a Daedalus (Boston, Mass. : Online)
|
| 222 |
|
0 |
|a Daedalus
|b (Boston, Mass. Online)
|
| 245 |
1 |
0 |
|a Daedalus
|h [electronic resource].
|
| 260 |
|
|
|a Boston, Mass. :
|b American Academy of Arts and Sciences,
|c 1955-
|
| 260 |
3 |
|
|3 <2003-> :
|a Cambridge, Mass. :
|b MIT Press
|
| 310 |
|
|
|a Quarterly,
|b 1958-
|
| 321 |
|
|
|a Irregular,
|b 1955-1957
|
| 362 |
0 |
|
|a Vol. 86, no. 1 (May 1955)-
|
| 500 |
|
|
|a Title from cover (JSTOR, viewed Nov. 7, 2008).
|
| 506 |
|
|
|a License restrictions may limit access.
|
| 538 |
|
|
|a Master and use copy. Digital master created according to Benchmark for Faithful Digital Reproductions of Monographs and Serials, Version 1. Digital Library Federation, December 2002.
|u http://purl.oclc.org/DLF/benchrepro0212
|5 MiAaHDL
|
| 583 |
1 |
|
|a digitized
|c 2010
|h HathiTrust Digital Library
|l committed to preserve
|2 pda
|5 MiAaHDL
|
| 588 |
|
|
|a Latest issue consulted: Volume 145, Issue 1 (winter 2016) (MIT Press Journals, viewed Feb. 1, 2016).
|
| 650 |
|
0 |
|a Science
|v Periodicals.
|
| 650 |
|
0 |
|a Social sciences
|v Periodicals.
|
| 650 |
|
0 |
|a Humanities
|v Periodicals.
|
| 650 |
|
6 |
|a Sciences
|v Périodiques.
|
| 650 |
|
6 |
|a Sciences sociales
|v Périodiques.
|
| 650 |
|
6 |
|a Sciences humaines
|v Périodiques.
|
| 650 |
|
7 |
|a Humanities.
|2 fast
|0 (OCoLC)fst00963588
|
| 650 |
|
7 |
|a Science.
|2 fast
|0 (OCoLC)fst01108176
|
| 650 |
|
7 |
|a Social sciences.
|2 fast
|0 (OCoLC)fst01122877
|
| 650 |
1 |
7 |
|a ARTS.
|2 unbist
|
| 650 |
1 |
7 |
|a CULTURE.
|2 unbist
|
| 650 |
1 |
7 |
|a SCIENCE.
|2 unbist
|
| 650 |
1 |
7 |
|a UNITED STATES.
|2 unbist
|
| 655 |
|
0 |
|a Electronic journals.
|
| 710 |
2 |
|
|a American Academy of Arts and Sciences.
|
| 776 |
0 |
8 |
|i Print version:
|t Daedalus (Boston, Mass.)
|x 0011-5266
|w (DLC) 12030299
|w (OCoLC)1565785
|
| 780 |
0 |
0 |
|a American Academy of Arts and Sciences.
|s Proceedings of the American Academy of Arts and Sciences (Online).
|t Proceedings of the American Academy of Arts and Sciences
|x 2327-9478
|w (DLC) 2008266853
|w (OCoLC)60626774
|
| 856 |
4 |
0 |
|z Full text available from Research Library: 01/01/1988 to 10/31/2011
|u https://search.proquest.com/publication/6930
|